| 000 | 00457cam a2200181ua 4500 | ||
|---|---|---|---|
| 020 | _c2.00 | ||
| 041 |
_amal _h |
||
| 082 |
_a894.8124 _bBHA/TH |
||
| 100 | _aBhaskaran Nair, K . | ||
| 245 |
_aTharapadham / _cK Bhaskaran Nair. _hTextual Documents |
||
| 250 |
_a3 / _b. |
||
| 260 |
_aCalicut : _bMathrubhumi Printing & Publishing Companty Ltd , _c1962. |
||
| 300 | _a190 ; . | ||
| 365 | _a2.00 | ||
| 504 | _a | ||
| 942 | _cBK | ||
| 999 |
_c6162 _d6162 |
||